[Event "Portugal Open 2019"]
[Site "Lisbon"]
[Date "2019.02.07"]
[Round "6.30"]
[White "Andias, Joao Pedro Menezes"]
[Black "Kowalski, Igor"]
[Result "0-1"]
[WhiteElo "2039"]
[BlackElo "2296"]
[Annotator "TA"]
[PlyCount "88"]
[EventDate "2019.01.25"]
[EventType "swiss"]
[EventCountry "POR"]
[SourceTitle "playchess.com"]
[Source "ChessBase"]
[SourceQuality "1"]

{[%evp 11,88,12,15,12,5,0,10,0,20,19,21,17,15,13,20,-16,-15,-6,-2,-59,5,-18,-12,-20,-17,-13,-7,-26,-46,-35,-22,-33,-9,-18,-14,-16,0,-23,-11,-18,-16,-37,-38,-62,-43,-31,-35,-35,-15,-102,-106,-91,-100,-96,-90,-104,-111,-914,-904,-886,-884,-867,-840,-794,-720,-5659,-5254,-5643,-5218,-29969,-29970,-29970,-29971,-29979,-29977,-29980,-29981,-29977,-29981]} 1. e4 e5 2. Nf3 Nc6 3. Bc4 Bc5 4. c3 Nf6 5. d3 d6 6. Bb3 ({Predecessor:} 6. h3 h6 {0-1 (33) Kasioumis,V (2038)-Gharibyan,M (2314) Porto Carras 2018}) 6... h6 7. h3 $146 {C54: Giuoco Piano: 4 c3 Nf6, main lines with 5 d4 and 5 d3} (7. Nbd2 O-O 8. h3 a5 9. O-O Be6 10. Bc2 b5 11. Re1 Qb8 12. Nb3 Bb6 13. a4 Qa7 14. Be3 Bxe3 15. Rxe3 bxa4 {½-½ (42) Ter Sahakyan,S (2563)-Petrosyan,M (2570) Yerevan 2018}) 7... a5 8. a4 Ba7 ({Predecessor:} 8... O-O 9. g4 d5 10. Qe2 Be6 11. Bc2 dxe4 12. dxe4 Nh7 13. Nbd2 Qe7 14. Nf1 Rad8 {0-1 (33) Kasioumis,V (2038)-Gharibyan,M (2314) Porto Carras 2018}) 9. Nbd2 {The position is equal.} Ne7 10. Nf1 Ng6 11. Ng3 O-O 12. O-O d5 13. Be3 Bxe3 14. fxe3 Be6 15. Bc2 (15. Nd2 $11) 15... Ra6 (15... dxe4 $15 16. dxe4 Qe7) 16. d4 Nxe4 17. Nxe4 dxe4 18. Bxe4 f5 19. Bc2 e4 20. Nd2 Qg5 21. Qe2 Nh4 22. Kh2 Rb6 23. b3 Bd5 24. c4 Rg6 25. Rf2 Bc6 26. d5 Bd7 {Strongly threatening ...f4.} ({Reject} 26... Qf6 $6 27. Rg1 $16) 27. Raf1 Rff6 28. Kh1 Qg3 29. Rg1 Rg5 $1 30. Bxe4 (30. Nf1 $11 Qd6 31. Qe1) 30... fxe4 $17 31. Rxf6 gxf6 32. Nxe4 {[%mdl 64] Double Attack} Qe5 33. Nxg5 hxg5 $40 {[%mdl 128] Black is out for blood.} 34. e4 $2 {[%mdl 8192] [#]} (34. Re1 $17) 34... Nf5 $1 $19 {[%cal Rf5g3][%mdl 576] ( -> ...Ng3+). Pin} 35. g4 (35. exf5 Qxe2) 35... Ng3+ 36. Rxg3 Qxg3 {[%mdl 64] Double Attack} 37. Qf1 Qxb3 38. Qxf6 Qxh3+ {[%mdl 64] Double Attack} 39. Kg1 Qxg4+ 40. Kh1 Qxe4+ {Black mates.} 41. Kg1 Qg4+ 42. Kh1 Qf5 43. Qd8+ Kf7 44. Qxc7 Qf1+ {Accuracy: White = 36%, Black = 71%.} 0-1

[Event "Portugal Open 2019"]
[Site "Lisbon"]
[Date "2019.02.06"]
[Round "6.31"]
[White "Newrkla, Katharina"]
[Black "Srinath, Rao S.V."]
[Result "0-1"]
[WhiteElo "2180"]
[BlackElo "2437"]
[Annotator "TA"]
[PlyCount "86"]
[EventDate "2019.01.25"]
[EventType "swiss"]
[EventCountry "POR"]
[SourceTitle "playchess.com"]
[Source "ChessBase"]
[SourceQuality "1"]

{[%evp 22,86,58,52,58,47,53,0,68,53,56,12,26,50,51,-28,27,-14,0,-18,0,-15,-16,-76,-41,-74,-20,-68,-53,-64,-52,-61,-28,-22,-18,-24,-41,-68,-70,-63,-62,-92,-52,-45,-47,-45,-45,-49,-37,-83,-62,-69,-55,-37,-45,-60,-53,-72,-67,-119,-47,-410,-409,-313,-322,-314,-324]} 1. e4 e6 2. d4 d5 3. Nd2 Nf6 4. e5 Nfd7 5. Bd3 c5 6. c3 Nc6 7. Ne2 cxd4 8. cxd4 f6 9. exf6 Qxf6 10. O-O $146 (10. Nf3 h6 11. O-O {1-0 (22) Grandelius,N (2642)-Ivanov,S (2547) Sweden 2017}) ({Predecessor:} 10. Nf3 h6 11. a3 Bd6 12. O-O O-O {½-½ (56) Dasaolu,R (2115)-Suez Panama,G (1989) Caleta 2013}) 10... Bd6 11. Nf3 h6 12. Be3 O-O {C06: French Tarrasch: 3...Nf6 4 e5 Nfd7 5 Bd3 main lines} 13. a3 (13. Rc1 Rd8 14. a3 Nf8 15. Qd2 Bd7 16. Bf4 Be8 17. Bxd6 Rxd6 18. Ng3 Bg6 19. Bb5 Be4 20. Ne5 Nxe5 21. dxe5 Qxe5 22. f4 {1-0 (22) Grandelius,N (2642)-Ivanov,S (2547) Sweden 2017}) 13... Rf7 14. Rc1 (14. Bc2 $14) 14... Nf8 (14... e5 $1 $11 15. dxe5 Ndxe5 16. Nxe5 Bxe5) 15. Ng3 $14 Bd7 16. Qd2 Be8 17. Nh5 ({Predecessor:} 17. Rfe1 Rc7 18. b4 a6 19. Qb2 b5 20. Bd2 {½-½ (56) Dasaolu,R (2115)-Suez Panama,G (1989) Caleta 2013}) 17... Qd8 {[#] Strongly threatening ...Rxf3!} 18. Nf4 (18. Bf4 $14) 18... Qc7 (18... Na5 $142 19. Rc3 b5) 19. Ne5 (19. Ne2 {with more complications.} a6 20. Bb1 Qb8 21. h3 Rf6 22. Ne5) 19... Bxe5 20. dxe5 Qxe5 {...d4 is the strong threat.} 21. Ne2 Qf6 22. Bb1 (22. f4 $11) 22... Rd7 (22... d4 {feels hotter.} 23. Bf4 Rd7 24. Bg3 Bg6 25. Ba2 d3) 23. f4 Bg6 (23... d4 $17 24. Bf2 Bg6) 24. Bxg6 Nxg6 25. Nd4 Nge7 26. b4 Nd8 {[%cal Bc6d8,Bd8f7,Bf7d6,Bd6e4][%mdl 32]} 27. Rfe1 Ng6 28. Rf1 Nh4 29. Rc3 Nf7 30. Bf2 Nf5 31. Re1 Re8 32. Nxf5 Qxf5 33. Bxa7 Nd6 {aiming for ...Nb5.} 34. Rf3 Ne4 35. Qb2 Rc8 36. Rc1 Rdc7 37. Rxc7 Rxc7 38. Bd4 Nd6 $36 {[%mdl 2048] Black has some pressure.} 39. Rf2 Qd3 40. Rd2 (40. Rf3 $15 Qf5 41. Rf2) 40... Qc4 ({Black should try} 40... Qe4 $17 {[%cal Re4e1]} 41. Rf2 Rc4) 41. Be5 $2 {[%mdl 8192]} ({White should play} 41. Rd1 $15) 41... Qc1+ $19 42. Kf2 Ne4+ {[%mdl 64] [#] Double Attack} 43. Ke2 Nxd2 {Accuracy: White = 27%, Black = 41%.} 0-1

[Event "Portugal Open 2019"]
[Site "Lisbon"]
[Date "2019.02.06"]
[Round "6.32"]
[White "Campora, Daniel H."]
[Black "Santos, Antonio P"]
[Result "1-0"]
[WhiteElo "2419"]
[BlackElo "2162"]
[Annotator "ChessBase"]
[PlyCount "87"]
[EventDate "2019.01.25"]
[EventType "swiss"]
[EventCountry "POR"]
[SourceTitle "playchess.com"]
[Source "ChessBase"]
[SourceQuality "1"]
[TimeControl "5400+30"]

1. e4 {[%emt 0:00:00]} c5 {[%emt 0:09:41]} 2. Nf3 {[%emt 0:00:00]} d6 {[%emt 0:00:11]} 3. Bb5+ {[%emt 0:00:47]} Nd7 {[%emt 0:00:10]} 4. c3 {[%emt 0:01:30]} Ngf6 {[%emt 0:00:24]} 5. Qe2 {[%emt 0:00:30]} e6 {[%emt 0:02:40]} 6. d4 {[%emt 0:01:19]} Be7 {[%emt 0:00:17]} 7. e5 {[%emt 0:03:36]} dxe5 {[%emt 0:05:08]} 8. dxe5 {[%emt 0:00:08]} Nd5 {[%emt 0:00:08]} 9. Bd3 {[%emt 0:10:53]} Qc7 {[%emt 0:05:59]} 10. O-O {[%emt 0:00:28]} a6 {[%emt 0:23:30]} 11. a4 {[%emt 0:00:18]} b6 {[%emt 0:00:09]} 12. Re1 {[%emt 0:02:26]} Bb7 {[%emt 0:00:42]} 13. Na3 {[%emt 0:13:14]} O-O {[%emt 0:25:32]} 14. Bd2 {[%emt 0:17:23]} Rfd8 {[%emt 0:00:29]} 15. Rad1 {[%emt 0:01:00]} c4 {[%emt 0:18:05]} 16. Nxc4 {[%emt 0:01:40]} b5 {[%emt 0:01:30]} 17. axb5 {[%emt 0:03:48]} axb5 {[%emt 0:00:02]} 18. Nd6 {[%emt 0:00:25]} Nxe5 {[%emt 0:01:23]} 19. Nxb5 {[%emt 0:03:33]} Nxf3+ {[%emt 0:00:03]} 20. Qxf3 {[%emt 0:00:10]} Qb6 {[%emt 0:00:43]} 21. Qg3 {[%emt 0:03:38]} Ba6 {[%emt 0:00:55]} 22. c4 {[%emt 0:03:32]} Bxb5 {[%emt 0:00:03]} 23. cxb5 {[%emt 0:00:29]} Bf6 {[%emt 0:00:38]} 24. Bg5 {[%emt 0:03:04]} Bxg5 {[%emt 0:00:16]} 25. Qxg5 {[%emt 0:00:05]} h6 {[%emt 0:00:08]} 26. Qe5 {[%emt 0:00:52]} Nf6 {[%emt 0:00:45]} 27. Be2 {[%emt 0:05:44]} Qa5 {[%emt 0:02:23]} 28. Qc3 {[%emt 0:00:37]} Qa7 {[%emt 0:00:44]} 29. Bf3 {[%emt 0:00:36]} Rac8 {[%emt 0:00:23]} 30. Qa3 {[%emt 0:04:46]} Qb6 {[%emt 0:01:10]} 31. Qa6 {[%emt 0:01:00]} Rxd1 {[%emt 0:00:10]} 32. Rxd1 {[%emt 0:00:45]} Rb8 {[%emt 0:00:01]} 33. Qxb6 {[%emt 0:02:05]} Rxb6 {[%emt 0:00:03]} 34. Rd8+ {[%emt 0:00:13]} Kh7 {[%emt 0:00:02]} 35. Bc6 {[%emt 0:00:04]} g5 {[%emt 0:01:08]} 36. f3 {[%emt 0:01:27]} Kg7 {[%emt 0:00:50]} 37. Kf2 {[%emt 0:01:47]} Ng8 {[%emt 0:00:13]} 38. Re8 {[%emt 0:01:41]} Nf6 {[%emt 0:00:07]} 39. Rc8 {[%emt 0:01:29]} Nd5 {[%emt 0:00:06]} 40. Bxd5 {[%emt 0:00:32]} exd5 {[%emt 0:00:02]} 41. Rc5 {[%emt 0:00:29]} d4 {[%emt 0:02:39]} 42. Ke2 {[%emt 0:00:13]} Kf8 {[%emt 0:00:19]} 43. Kd3 {[%emt 0:00:29]} Rd6 {[%emt 0:00:01]} 44. Rc4 {[%emt 0:00:41]} 1-0

[Event "Portugal Open 2019"]
[Site "Lisbon"]
[Date "2019.02.07"]
[Round "6.33"]
[White "Krishna Teja, N."]
[Black "Pires, Emanuel Joao Robart"]
[Result "1-0"]
[WhiteElo "2391"]
[BlackElo "2115"]
[Annotator "TA"]
[PlyCount "105"]
[EventDate "2019.01.25"]
[EventType "swiss"]
[EventCountry "POR"]
[SourceTitle "playchess.com"]
[Source "ChessBase"]
[SourceQuality "1"]

{[%evp 13,105,47,52,41,46,45,51,33,39,6,15,0,15,22,22,24,18,23,5,12,25,19,60,48,67,52,54,54,56,0,54,55,52,56,69,28,28,53,53,48,180,174,174,160,151,113,190,197,404,405,415,447,470,440,633,628,612,599,860,852,773,745,932,943,905,905,1360,1346,1629,2077,3644,3314,29984,29985,29985,29986,29985,29986,29989,29959,29987,29988,29988,29989,29989,29990,29990,29989,29989,29990,29993,29992,29994,29995]} 1. d4 d5 2. c4 ({Predecessor:} 2. Nf3 Nc6 {½-½ (30) Londyn,R (2340)-Vojta,T (2373) Czechia 2014}) 2... Nc6 3. Nf3 Bg4 4. cxd5 Bxf3 5. gxf3 Qxd5 6. e3 e5 7. Nc3 Bb4 {[%cal Re5d4]} 8. a3 $146 {D07: Queen's Gambit: Chigorin Defence} (8. Bd2 Bxc3 9. bxc3 Qd7 10. Rb1 O-O-O 11. Bg2 Nge7 12. Qb3 b6 13. Qxf7 Rhf8 14. Qc4 Kb8 15. O-O g5 16. Rb5 Rf6 17. e4 {1-0 (55) Nakamura,H (2785)-Rapport,R (2692) Sharjah 2017}) 8... Bxc3+ $1 9. bxc3 Qd6 10. a4 {White is slightly better.} O-O-O 11. Ba3 Qe6 12. Be2 f5 ({Predecessor:} 12... Nf6 13. O-O Rhe8 14. Re1 Nd5 15. Qb3 exd4 16. cxd4 {½-½ (30) Londyn,R (2340)-Vojta,T (2373) Czechia 2014}) 13. Rb1 Nf6 14. Qb3 Qxb3 15. Rxb3 Rhe8 16. Kd2 f4 17. Rhb1 Na5 18. Rb5 $36 {[%mdl 2048] Black is under pressure.} b6 19. Rxa5 fxe3+ 20. fxe3 bxa5 21. Ba6+ Kd7 22. Rb7 Kc6 23. Rxa7 Nd7 {[#] And now ...Kb6 would win.} 24. Bd3 {aiming for Be4+.} Kb6 $1 {[%cal Rb6a7]} 25. Ra6+ Kb7 26. Rxa5 exd4 (26... Ra8 $1 $14 27. Rb5+ Kc8) 27. cxd4 $18 c6 28. Rg5 ({Worse is} 28. Bxh7 Ne5 $11) 28... g6 29. e4 Ra8 (29... Nf8 $16) 30. a5 c5 $2 {[#]} (30... Kc7 31. Bb4 Nf8) 31. a6+ $1 Kc6 32. Rd5 Rad8 33. Bxc5 Nxc5 (33... Nb6 $142 34. Rg5 Rg8) 34. Rxc5+ {[%mdl 4096] Endgame KRR-KRB} Kb6 35. Ke3 Re7 36. Rb5+ Ka7 37. d5 {[%cal Bd4d5,Bd5d6][%mdl 32]} Rdd7 38. Rc5 g5 39. Kd4 Rf7 40. e5 Rxf3 41. d6 Kb6 42. Be4 Rf4 43. Rc6+ {White mates.} Kb5 44. Rc7 Rd8 45. a7 Kb6 46. Ke3 Rh4 47. a8=Q Rh3+ 48. Kd4 {[%csl Ga8,Ge4][%cal Rc7b7]} Rxa8 49. Bxa8 Rxh2 50. Be4 Rd2+ 51. Bd3 g4 52. Rc1 g3 53. d7 {Accuracy: White = 86%, Black = 40%.} 1-0

[Event "Portugal Open 2019"]
[Site "Lisbon"]
[Date "2019.02.06"]
[Round "6.34"]
[White "Dias, Ricardo Pedro Cruz"]
[Black "Tryggestad, Andreas Garberg"]
[Result "1-0"]
[WhiteElo "2128"]
[BlackElo "2351"]
[Annotator "TA"]
[PlyCount "91"]
[EventDate "2019.01.25"]
[EventType "swiss"]
[EventCountry "POR"]
[SourceTitle "playchess.com"]
[Source "ChessBase"]
[SourceQuality "1"]

{[%evp 20,91,25,22,33,4,0,0,21,14,51,33,35,-35,50,49,44,44,54,47,50,46,93,0,0,0,0,0,0,0,73,66,63,64,68,67,240,234,246,181,291,291,465,452,552,528,518,451,451,451,451,451,451,232,194,195,193,129,1368,1148,1627,1486,1265,1046,5612,2442,5712,5097,29976,29978,29981,29982,29981,29982]} 1. e4 c5 2. Nf3 e6 ({Predecessor:} 2... Nc6 3. d4 cxd4 4. Nxd4 {1-0 (47) Gurevich,D (2317)-Krotiuk,D (1924) Barcelona 2014}) 3. d4 cxd4 4. Nxd4 Nc6 $146 (4... a6 5. Nc3 Nc6 6. g3 {½-½ (12) Mamedov,R (2708)-Andreikin,D (2702) Minsk 2018}) 5. Nc3 Qc7 6. g3 a6 7. Bg2 Nf6 8. O-O Be7 9. Re1 O-O 10. Nxc6 dxc6 11. e5 Nd5 {B47: Sicilian: Taimanov: 5 Nc3 Qc7 6 f4, 6 g3 and 6 Be2} (11... Rd8 12. Qe2 Nd5 {½-½ (12) Mamedov,R (2708)-Andreikin,D (2702) Minsk 2018}) 12. Qf3 b5 13. h4 Bb7 {The position is equal.} 14. Bg5 Bb4 ({Predecessor:} 14... Nxc3 15. Qxc3 c5 16. Bxe7 Qxe7 17. Bxb7 Qxb7 18. Rad1 b4 19. Qe3 {1-0 (47) Gurevich,D (2317)-Krotiuk,D (1924) Barcelona 2014}) 15. Nxd5 cxd5 16. Bf6 (16. c3 $14 Bc5 17. a3) 16... Qxc2 {[#]} ({Don't go for} 16... Bxe1 $2 17. Qg4 $18) (16... Rfc8 $15 17. c3 gxf6 18. Qg4+ Kh8 19. cxb4 fxe5) 17. Qg4 $1 $14 {[%csl Gf6][%cal Rg4g7][%mdl 512]} Qg6 18. Qxb4 {aiming for Bg5.} gxf6 19. Qe7 Rab8 $1 20. Qxf6 Rfc8 21. Qxg6+ (21. Qe7 $16) 21... hxg6 $11 22. Rac1 b4 23. f4 Rc4 24. Bf1 Rc6 (24... Rd4 $1 $11) 25. Rxc6 Bxc6 $16 {[%mdl 4096] Endgame KRB-KRB} 26. Rc1 Bb5 27. Rc5 d4 $2 ({Black should play} 27... Bxf1 $14 28. Kxf1 Rb7) 28. Bxb5 $18 axb5 {KR-KR} 29. Kf2 d3 (29... Kg7 {was worth a try.} 30. Ke2 Kh6) 30. Ke3 Ra8 (30... Kh7 $142 31. Kxd3 Kh6) 31. Rxb5 Rxa2 32. Rxb4 Ra1 33. Kxd3 Rg1 34. Rb8+ Kg7 35. b4 {[%cal Bb2b4,Bb4b5,Bb5b6][%mdl 32]} Rxg3+ 36. Ke4 (36. Kc4 $142) 36... Rg4 37. b5 {And now b6 would win.} Rxh4 {[#]} 38. Ke3 $1 Rg4 $2 {[%mdl 8192]} (38... Rh3+ $16 39. Kd4 Rh4) 39. b6 Rh4 40. Rd8 Rh3+ 41. Kd4 Rb3 42. Kc5 g5 43. fxg5 Kg6 44. Rd4 {White mates.} Kxg5 45. Rb4 Rc3+ 46. Kd6 {Accuracy: White = 67%, Black = 26%.} 1-0

[Event "Portugal Open 2019"]
[Site "Lisbon"]
[Date "2019.02.06"]
[Round "6.35"]
[White "Thompson, Ian D"]
[Black "Pastar, Slaven"]
[Result "0-1"]
[WhiteElo "2122"]
[BlackElo "2330"]
[Annotator "NA"]
[PlyCount "63"]
[EventDate "2019.01.25"]
[EventType "swiss"]
[EventCountry "POR"]
[SourceTitle "playchess.com"]
[Source "ChessBase"]
[SourceQuality "1"]
[TimeControl "5400+30"]

1. c4 e5 2. Nc3 Nc6 3. Nf3 g6 4. d4 exd4 5. Nxd4 Bg7 6. Nxc6 bxc6 7. g3 Ne7 {A27: English Opening: Three Knights Variation} 8. Bg2 Rb8 $146 ({Predecessor:} 8... O-O 9. O-O d6 (9... Rb8 10. Qa4 d6 11. Qxa7 Be6 {1-0 (49) Ipatov,A (2614)-Annaberdiev,M (2439) Kocaeli 2014}) 10. Bg5 Be6 11. Qd3 Rb8 12. b3 c5 13. Rad1 h6 14. Bc1 Re8 15. Qd2 Kh7 16. Bb2 Ng8 17. Rfe1 Nf6 18. h3 {½-½ (33) So,W (2765)-Mamedyarov,S (2817) Kolkata 2018}) 9. Qa4 d6 10. Qxa7 Be6 11. Qa4 O-O 12. O-O Ra8 13. Qc2 Bxc4 14. Bg5 f6 15. Bd2 ({Predecessor:} 15. Bf4 Bf7 16. Rad1 Qb8 17. b3 Ra6 18. h4 {1-0 (49) Ipatov,A (2614)-Annaberdiev,M (2439) Kocaeli 2014}) 15... Rb8 16. Rfd1 c5 17. Rac1 Qe8 18. b3 Be6 19. Be1 Qf7 20. Nb1 Nd5 21. e4 Nb4 22. Qe2 h5 23. Nc3 Rbe8 24. Nb5 Nc6 25. b4 c4 26. Bc3 Ne5 27. Bxe5 fxe5 28. Rc3 $11 Ra8 29. Qc2 Ra6 30. Bf1 Rfa8 31. a4 Rxa4 32. Ra1 0-1

[Event "Portugal Open 2019"]
[Site "Lisbon"]
[Date "2019.02.06"]
[Round "6.36"]
[White "Froewis, Annika"]
[Black "Gu, Xiaobing"]
[Result "0-1"]
[WhiteElo "2104"]
[BlackElo "2326"]
[Annotator "TA"]
[PlyCount "112"]
[EventDate "2019.01.25"]
[EventType "swiss"]
[EventCountry "POR"]
[SourceTitle "playchess.com"]
[Source "ChessBase"]
[SourceQuality "1"]

{[%evp 20,112,0,0,0,0,26,0,3,10,23,25,12,0,-25,-60,-62,-59,-56,-122,-44,-57,0,0,111,85,85,94,313,328,329,318,791,779,782,771,993,975,892,936,878,831,2577,1997,6636,6370,5213,1960,1579,1132,1091,1066,970,658,6415,1798,29991,29992,29992,29993,29994,29995,29995,414,394,0,0,0,0,0,0,-5072,-5065,-2518,-2249,-1016,-1016,-12789,-12789,-12789,-12789,-6979,-6117,-6979,-6448,-829,-829,-29987,-29988,-29995,-29996,-29996,-29997,-29997,-643]} 1. e4 c5 2. Nf3 d6 3. d4 cxd4 4. Nxd4 Nf6 5. Nc3 a6 6. f4 e5 7. Nf3 Nbd7 {[%cal Bb8d7,Bd7c5,Bc5e4][%mdl 32]} ({Predecessor:} 7... Qc7 8. Bd3 Nbd7 {1-0 (28) Danov,R (2159)-Galopoulos,N (2365) Thessaloniki 2015}) 8. a4 Qc7 9. Bd3 Be7 10. O-O O-O 11. Kh1 Nc5 {B93: Sicilian Najdorf: 6 f4} 12. Qe1 exf4 $146 (12... Bd7 13. a5 Rac8 14. Bd2 Rfe8 15. fxe5 dxe5 16. Qg3 Be6 17. Qxe5 Bd6 18. Qg5 h6 19. Qh4 {0-1 (41) Bilguun,S (2497)-Nguyen,N (2641) Makati 2018}) 13. Bxf4 Re8 {The position is equal.} 14. Nd4 Qb6 ({Predecessor:} 14... Ne6 15. e5 Nh5 16. exd6 Bxd6 17. Bxd6 Qxd6 18. Nf5 Qf8 19. Qh4 {1-0 (28) Danov,R (2159)-Galopoulos,N (2365) Thessaloniki 2015}) 15. Bc4 Bd8 {[%cal Rc5e4]} 16. Bg5 Ncxe4 {[%mdl 64] Discovered Attack} 17. Bxf6 Nxf6 18. Qd2 Qc5 19. Bd3 (19. Qd3 $15) 19... Bb6 (19... Re5 $17 20. Rf4 d5) 20. Rxf6 $15 {aiming for Rf4.} gxf6 (20... Qxd4 $15 21. Rxd6 Qb4) 21. Qh6 $1 $11 {[%mdl 64] Double Attack} Qg5 ({Not} 21... Qxd4 22. Bxh7+ Kh8 23. Bg6+ Kg8 24. Qh7+ Kf8 25. Qxf7#) (21... f5 $11 {keeps the balance.} 22. Qg5+ {[%mdl 64] Double Attack} Kh8 23. Qf6+ {[%mdl 64] Double Attack} Kg8 24. Qg5+ Kh8 25. Qf6+ {[%mdl 64] Double Attack} Kg8 26. Qg5+) 22. Qxh7+ $40 {[%mdl 128] White goes for the king.} Kf8 23. Qh8+ ({Stronger than} 23. Bc4 Qg7 $17) 23... Ke7 $2 (23... Qg8 $16 24. Qxf6 Bd8 25. Qxd6+ Be7) 24. Re1+ $18 Be6 25. Nxe6 fxe6 $2 (25... Kd7 26. Qh7 Re7 {[%mdl 64] Pin}) 26. Qh7+ Kd8 27. Qxb7 {[%mdl 64] Double Attack} Rc8 28. Qxb6+ {[%mdl 64] Double Attack} Ke7 29. Ne4 Qe5 30. Re3 Qf4 31. Rf3 Qe5 32. Qb7+ Kd8 33. Nxf6 (33. Rxf6 $142 Qd5 34. Qb6+ {[%mdl 64] Double Attack} Rc7 35. Nxd6) 33... Re7 34. Qb6+ Rec7 35. Ne4 Ke7 36. Rh3 {Black must now prevent Rh7+.} d5 37. Qb4+ Kd7 38. Rh7+ Kc6 {[#]} 39. Bb5+ $1 Kb6 (39... axb5 40. Qxb5#) 40. a5+ Ka7 41. Rxc7+ (41. Qc5+ $142 Ka8 42. Bc6+ $1 {[%mdl 512]} Rb7 43. Bxb7+ {[%mdl 64] Discovered Attack} Kb8 44. Qxc8+ Ka7 45. Qa8#) 41... Rxc7 42. Bxa6 $2 (42. Nd6 $18 {Intending Bc6! and mate.} Qe3 43. h4 Rxc2 {[#]} 44. Bd3 $1 {[%mdl 512]}) 42... Qxe4 $11 {[%mdl 4096] Endgame KQR-KQB} 43. Qb6+ {[%mdl 64] Double Attack} Ka8 44. Kg1 Qxc2 45. Qxe6 $2 {[%mdl 8192]} (45. b4 $11) 45... Qc5+ $19 {[%mdl 64] Double Attack} 46. Kf1 Qc1+ {[%mdl 64] Double Attack} 47. Ke2 Qxb2+ 48. Kf3 Rc3+ 49. Kf4 Qf2+ 50. Kg5 Qxg2+ {[%mdl 64] Double Attack} 51. Qg4 Qxh2 52. Bb7+ Kb8 53. Qb4 Qe5+ {Black mates.} 54. Kg6 Rg3+ 55. Kf7 Rg7+ 56. Kf8 Qf6+ {Accuracy: White = 54%, Black = 41%.} 0-1

[Event "Portugal Open 2019"]
[Site "Lisbon"]
[Date "2019.02.06"]
[Round "6.37"]
[White "Bruaset, Eivind"]
[Black "Godzwon, Iwo"]
[Result "0-1"]
[WhiteElo "2124"]
[BlackElo "2322"]
[Annotator "NA"]
[PlyCount "116"]
[EventDate "2019.01.25"]
[EventType "swiss"]
[EventCountry "POR"]
[SourceTitle "playchess.com"]
[Source "ChessBase"]
[SourceQuality "1"]
[TimeControl "5400+30"]

1. e4 c5 2. Nf3 d6 3. d4 cxd4 4. Nxd4 Nf6 5. Nc3 a6 6. h3 e6 $146 ({Predecessor:} 6... Nc6 7. g4 h6 8. f4 e6 9. Bg2 Bd7 10. Be3 Be7 11. Qe2 Qc7 {½-½ (52) Smirin,I (2666)-Hartman,B (2405) ICC INT 2000}) 7. g4 h6 8. Bg2 Qc7 9. Be3 Nc6 10. Qe2 {B81: Sicilian Scheveningen: Keres Attack} Bd7 11. O-O-O Be7 12. f4 Nxd4 13. Bxd4 e5 14. Be3 Bc6 15. Qf2 (15. Kb1 $142) 15... Nd7 16. Nd5 Bxd5 17. Rxd5 Qc4 18. Kb1 Nf6 19. Rd3 Nxe4 20. Bxe4 Qxe4 21. Re1 Qc6 22. fxe5 dxe5 23. Qf5 Bf6 24. Rc3 Qd7 25. Bf4 Qxf5 26. gxf5 O-O 27. Bxe5 Rfe8 28. Rce3 Bg5 29. Re4 Rad8 30. Bd4 Rxe4 31. Rxe4 g6 32. c3 gxf5 33. Re1 Kh7 34. Rg1 f6 $11 (34... Re8 $17 35. h4 Be3 36. Rg7+ {[%mdl 64] Double Attack} Kh8 37. Rxf7+ Bxd4 38. cxd4 Rd8) 35. Kc2 Re8 36. Kd3 f4 37. a4 Re6 38. b4 Bh4 39. b5 Bg3 40. c4 Rd6 41. Rc1 Bf2 42. Ke4 Rxd4+ 43. Kf5 Be3 44. Rf1 Rxc4 45. Kxf6 Rxa4 46. bxa6 Rxa6+ 47. Kf5 b5 48. Ke4 b4 49. Rb1 Rb6 50. Rb3 Kg6 51. Kf3 Kf5 52. h4 h5 53. Ke2 Ke4 54. Kf1 Kf3 55. Rb2 b3 56. Rf2+ Ke4 57. Rb2 Bd4 58. Re2+ Kf5 0-1